000 00362nam a2200133Ia 4500
008 150202s9999 xx 000 0 und d
020 _a042512164X
050 _aFIC
_bFIC
100 _aSanders, Lawrence.
245 _aCapital crimes /
_cLawrence Sanders.
260 _aNew York :
_bBerkley Books,
_c1989.
300 _a342 pages :
_c18 cm.
650 _aFiction.
999 _c282378
_d282378